000 01380nam a2200337 i 4500
003 EG-GICUC
005 20260121101456.0
008 251213s1968 ua ||||fr|||| 00| 0 ara d
040 _a EG-GICUC
_bara
_c EG-GICUC
_d EG-GICUC
_erda
041 0 _aara
082 0 4 _221
_a345.3201
_bس ع . ن
092 0 4 _221
099 _aLaw1 07 345.3201 س ع . ن 1968
100 0 _aسعد العلوش
_eمؤلف.
245 1 0 _aنظرية المؤسسة العامة وتطبيقها في التشريع العراقي :
_bدراسة مقارنة /
_cالدكتور سعد العلوش.
264 1 _aالقاهرة :
_bدار النهضة العربية،
_c1968.
300 _a414 ؛صفحة
_c24 سم.
_bإيضاحيات، صور، مثيليات ؛
336 _2rda content
_atext
337 _2rda media
_aComputer
338 _2rda carrier
_aOnline Resource
504 _a. 405-389ببليوجرافيا: صفحات
504 _aيشتمل على إرجاعات ببليوجرافية.
546 _aالنص أغلبه باللغة العربية مع بعض النصوص الفرنسية
650 1 4 _aفلسفة ونظريات
_2qrmak
650 1 4 _aالمرافق العامة
_2qrmak
650 1 4 _aالقانون الإداري
_2qrmak
651 1 _2qrmak
856 4 0 _uhttps://fll.law.cu.edu.eg/fulltext/bks/B07-01385.pdf
905 _a32
942 _2ddc
_cBK
_e21
_n0
999 _c50051
_d50051